|
|
|
|
| LEADER |
01209nam a2200277 a 4500 |
| 001 |
00025149 |
| 008 |
120519s2010 enka 000 1 eng |
| 020 |
|
|
|a 9780194248853
|
| 020 |
|
|
|a 9780194248372 (book and multiROM pack)
|
| 040 |
|
|
|a BD-DhAAL
|c BD-DhAAL
|
| 082 |
0 |
0 |
|a 428.6
|2 22
|
| 100 |
1 |
|
|a Wilde, Oscar.
|
| 245 |
1 |
0 |
|a Lord Arthur Savile's crime ; The model millionaire ; The sphinx without a secret /
|c Oscar Wilde ; text adaptation by Bill Bowler ; illustrated by David Roberts.
|
| 260 |
|
|
|a Oxford ;
|a New York :
|b Oxford University Press,
|c c2010
|
| 300 |
|
|
|a 67 p. :
|b col. ill. ;
|c 21 cm.
|
| 490 |
1 |
|
|a Dominoes. Level two
|
| 541 |
|
|
|e 00025149
|
| 650 |
0 |
|
|a Readers for new literates.
|
| 650 |
0 |
|
|a High interest-low vocabulary books.
|9 30017
|
| 700 |
1 |
|
|a Bowler, Bill.
|9 30018
|
| 700 |
1 |
|
|a Roberts, David.
|9 54151
|
| 830 |
|
|
|a Dominoes. Level two
|9 36535
|
| 852 |
1 |
|
|a Ayesha Abed Library
|c General shelf.
|
| 942 |
|
|
|2 ddc
|c BK
|
| 999 |
|
|
|c 12242
|d 12242
|
| 952 |
|
|
|0 0
|1 0
|2 ddc
|4 0
|6 428_600000000000000_WIL
|7 0
|9 20271
|a BRACUL
|b BRACUL
|d 2012-05-23
|e Karim International
|g 651.00
|l 6
|m 37
|o 428.6 WIL
|p 3010025149
|q 2026-06-02
|r 2026-03-07
|s 2026-03-07
|t 1
|w 2012-05-23
|y BK
|x Transferred from BIL to BRACUL on 06/06/22
|